Scooby-Doo Monsters - Statistics

General Stats
  • This quiz has been taken 420 times
    396 since last reset
  • The average score is 16 of 34
Answer Stats
Picture Answer % Correct
Black Knight
86%
Snow Ghost
77%
The Witch
76%
Ghost Clown
74%
Ghost of Redbeard
71%
Miner 49er
69%
Dracula
67%
Werewolf
67%
Charlie the Haunted Robot
61%
Ghost of Captain Cutler
61%
The Zombie
60%
Wax Phantom
60%
Creeper
59%
Phantom
57%
Phony Phantom
57%
Ape Man
54%
Indian Witch Doctor
54%
Caveman
52%
Spooky Space Kook
50%
Witch Doctor
49%
Wolfman
42%
Ghost of Hyde
39%
Carlotta the Gypsy
37%
Frankenstein's Monster
37%
Ghost of Elias Kingston
29%
Puppet Master
29%
Ghost of Geronimo
28%
Headless Specter
28%
Phantom Shadows
20%
Mummy of Ankha
19%
Mano Tiki Tia
16%
Ghost of Zen Tuo
15%
RedBeard's Crew
14%
Scare Pair
11%
No matching quizzes found
Score Distribution
Percent of People with Each Score
Percentile by Number Answered
Your Score History
You have not taken this quiz since the last reset